| Tag |
First Indicator |
Second Indicator |
Subfields |
| LEADER |
00000cam a22000008a 4500 |
| 001 |
in00000069777 |
| 005 |
20191005063148.0 |
| 008 |
810713s1981 nyua bs 00110 eng |
| 010 |
|
|
|a 81009282
|
| 020 |
|
|
|a 0826124801 (cloth)
|
| 020 |
|
|
|a 082612481X (pbk.)
|
| 035 |
|
|
|a (OCoLC)07653506
|
| 035 |
|
|
|9 AAJ4549AM
|
| 039 |
0 |
|
|a 2
|b 3
|c 3
|d 3
|e 3
|
| 040 |
|
|
|a DLC
|c DLC
|d TXA
|d UtOrBLW
|
| 043 |
|
|
|a ee-----
|
| 049 |
|
|
|a TXAM
|c [951895]
|
| 050 |
0 |
0 |
|a HQ766
|b .D36
|
| 060 |
|
0 |
|a HQ 766.5.E9 D249r
|
| 082 |
0 |
|
|a 304.6/6
|2 19
|
| 100 |
1 |
|
|a David, Henry P.
|q (Henry Philip),
|d 1923-2009.
|
| 245 |
1 |
0 |
|a Reproductive behavior :
|b central and eastern European experience /
|c Henry P. David, Robert J. McIntyre.
|
| 263 |
|
|
|a 8109
|
| 264 |
|
1 |
|a New York :
|b Springer,
|c [1981]
|
| 264 |
|
4 |
|c ©1981
|
| 300 |
|
|
|a xix, 393 pages :
|b illustrations ;
|c 24 cm.
|
| 336 |
|
|
|a text
|b txt
|2 rdacontent
|
| 337 |
|
|
|a unmediated
|b n
|2 rdamedia
|
| 338 |
|
|
|a volume
|b nc
|2 rdacarrier
|
| 500 |
|
|
|a At head of title: Transnational Family Research Institute.
|
| 500 |
|
|
|a Includes index.
|
| 504 |
|
|
|a Bibliography: pages 307-382.
|
| 650 |
|
0 |
|a Birth control
|z Europe, Eastern.
|
| 650 |
|
0 |
|a Fertility, Human
|z Europe, Eastern.
|
| 650 |
|
2 |
|a Abortion, Induced
|z Europe.
|
| 650 |
|
2 |
|a Population Control
|z Europe.
|
| 650 |
|
2 |
|a Contraception Behavior
|z Europe.
|
| 651 |
|
0 |
|a Europe, Eastern
|x Population policy.
|
| 700 |
1 |
|
|a McIntyre, Robert J.
|
| 710 |
2 |
|
|a Transnational Family Research Institute.
|
| 999 |
|
|
|a MARS
|
| 999 |
f |
f |
|s 28eb1859-9bd5-32ae-b6ef-c93f5563f4c3
|i 7bb88a25-82bf-318f-ad1c-f554b74534ee
|t 0
|
| 952 |
f |
f |
|p ric
|a Texas A&M University
|b Rellis Campus
|c Joint Library Facility
|d Remote Storage
|t 0
|e HQ766 .D36
|h Library of Congress classification
|i unmediated -- volume
|m A14806142328
|
| 998 |
f |
f |
|a HQ766 .D36
|t 0
|l Remote Storage
|